Countries with the Lowest Average Elevation - Statistics

General Stats
  • This quiz has been taken 52 times
    31 since last reset
  • The average score is 10 of 14
Answer Stats
Average Elevation (m) Country % Correct
30 Netherlands
96%
31 Denmark
93%
1.5 Maldives
89%
2.0 Marshall Islands
89%
1.8 Tuvalu
86%
2.0 Kiribati
82%
61 Estonia
75%
28 Qatar
75%
15 Singapore
75%
34 Gambia
57%
85 Bangladesh
54%
70 Guinea-Bissau
50%
69 Senegal
46%
83 Trinidad and Tobago
36%
No matching quizzes found
Score Distribution
Percent of People with Each Score
Percentile by Number Answered
Your Score History
You have not taken this quiz since the last reset